000 00671nam a2200217 a 4500
005 20210223132237.0
008 131209s2009 es r 000 0 spa d
020 _a9788426136640
035 _aUPN01000194599
049 _aCG
050 4 _aML410 W1
_bH3.4
100 1 _aHamann, Brigitte,
_d1940-
_934870
245 1 3 _aLa familia Wagner /
_cBrigitte Hamann ; pref., tr. y notas Roberto Mansberger Amorós.
260 _aBarcelona, Esp. :
_bJuventud,
_c2009.
300 _a283 p.
_bil.
534 _pTítulo original:
_tDie fmilie Wagner
600 1 4 _aWAGNER, RICHARD,
_d1813-1883
_922797
600 3 4 _aWAGNER, FAMILIA
_922798
905 _aLibro
999 _c166700
_d166700